000 00963cam a22002414a 4500
001 12452992
005 20250603084503.0
008 010626s2001 miu b 000 0 eng
020 _a0310240352 (alk. paper)
050 0 0 _aBV652.2
_b.D65 2001
082 0 0 _a253/.7
_221
100 1 _aDonahue, Bill,
_d1958-
245 1 0 _aBuilding a church of small groups :
_ba place where nobody stands alone /
_cBill Donahue, Russ Robinson.
260 _aGrand Rapids, Mich. :
_bZondervan,
_cc2001.
300 _a219 p. ;
_c24 cm.
650 0 _aChurch group work.
650 0 _aSmall groups
_xReligious aspects
_xChristianity.
700 1 _aRobinson, Russ.
856 4 2 _3Publisher description
_uhttp://www.loc.gov/catdir/enhancements/fy0633/2001026969-d.html
856 4 1 _3Table of contents only
_uhttp://www.loc.gov/catdir/enhancements/fy0633/2001026969-t.html
856 4 1 _3Sample text
_uhttp://www.loc.gov/catdir/enhancements/fy0642/2001026969-s.html
942 _2lcc
_cBK
_n0
999 _c6172
_d6172